00936 2200193 4500245012400000020001800124250001100142100003300153700002400186650000800210650001000218005001900228260003900247041001400286084001300300300003200313500038800345336000900733 aDahsyatnya Doa Anak Yatim b : Mengungkap Rahasia Keberkahan Menyantuni Anak YatimcM. Khalilurrahman Al-MahfanihText a979-795-214-2 aCet. 1 aM. Khalilurrahman Al-Mahfani aAndri Agus Fabianto aDoa aYatim a20240215084122 aJakarta SelatanbWahyu Mediac2009 aIndonesia a297.3824 axii + 224 hlm :c14 x 20 cm aSebaik-baiknya rumah di antara orang-orang Islam adalah rumah yang didalamnya ada anak yatim yang diperlakukan dengan sebaik-baiknya, dan seburuk-buruknya rumah adalah rumah yang di dalamnya ada anak yatim namun diperlakukan dengan buruk. Apabila sebuah keluarga memelihara, menyantuni, dan memuliakan anak yatim, Allah SWT akan meliputinya dengan rahmat, kebahagiaan, dan keberkahan atext